000 00627nam a22002417a 4500
999 _c315995
_d315995
001 29602
003 UA-OsUOA
005 20200311123252.0
007 ta
008 20041014b un ||||| |||| 00| 0 ukr d
040 _aUA-OsUOA
_bukr
_cUA-OsUOA
_dUA-OsUOA
041 _aukr
044 _aUA
080 _a82.09(477)
090 _a82.09(477)
_bЗ-36
100 _aЗасенко О.
245 _aМарко Вовчок і зарубіжні літератури
260 _aК.
_bАкадемія наук Української РСР
_c1959
300 _a180 с.
650 7 _2UDC
942 _cBK
_2udc
955 _a0